000 01171nam a2200289 i 4500
003 DO-SdBNP
005 20260501110810.0
007 ta
008 260501b2025 dr ||||| |||| 00| 0 spa d
020 _a9789945656855 (v.1)y (v.2)
040 _aDO-SdBNP
_bspa
_cBNPHU
_erda
041 _aspa
082 4 _axxx
_bxxx
_222
100 _aDe La Cruz Kelly, Juan José,
_eautor
_4aut.
_989454
245 1 0 _aCompendio de leyes vinculantes con los asuntos municipales /
_cJuan José de la Cruz Kelly
250 _aprimera edición
264 _aSanto Domingo :
_bEditorial Santuario,
_c2025.
300 _avolumenes ;
_c24 cm.
336 _atexto
_btxt
_2rdacontent
337 _asin mediación
_bn
_2rdamedia
338 _avolumen
_bnc
_2rdacarrier
500 _aIncluye datos biográficos del autor en las solapas
505 _avolumen 1--
_tTítulo I. Ley no. 176-07, del distrito nacional y los municipios en Rep. Dom.--
_tTítulo II. Leyes vinculantes constitución de la república Dominicna--
_gvolumen 2--
_tTítulo III. Decretos, normas generales y reglamentos--
_tFuentes de información.
590 _aInventariado, 2026/BT
910 _abtavárez
942 _2ddc
_cLBS1
999 _c60653
_d60653